000 00435nam a2200145 a 4500
005 20140414131852.0
008 100802s19uu xx 00 eng d
050 _aM 623
_bC13 2004
100 _aCalkhoven, Laurie
245 _aFlash, boom, blast! :
_bamazing inventions from the war front!.
260 _aNew York :
_bScholastic,
_c2004.
440 _aThe History Channel Presents
650 _aMilitary engineering
999 _c110234
_d110234